| 000 -ლიდერი |
| ფიქსირებული სიგრძის საკონტროლო ველი |
01234nam a2200253Ia 4500 |
| 001 - საკონტროლო ნომერი |
| საკონტროლო ველი |
4462 |
| 003 - საკონტროლო ნომრის იდენტიფიკატორი |
| საკონტროლო ველი |
GE_BSU |
| 005 - ბოლო ოპერაციის თარიღი და დრო |
| საკონტროლო ველი |
20190520145421.0 |
| 008 - ფიქსირებული სიგრძის მონაცემთა ელემენტები - ზოგადი ინფორმაცია |
| ფიქსირებული სიგრძის საკონტროლო ველი |
181216s1981||||ge |||||||||||||| ||geo|| |
| 040 ## - კატალოგიზაციის წყარო |
| Transcribing agency |
GE_BSU |
| 041 ## - ენის კოდი |
| Language code of text/sound track or separate title |
geo |
| 080 ## - უნივერსალური ათობითი კლასიფიკაციის ინდექსი |
| Universal Decimal Classification number |
53+531+539.1(075.8) კ–88 |
| 100 ## - მთავარი ჩანაწერი - პიროვნების სახელი |
| Personal name |
კუკულაძე,გ. |
| 9 (RLIN) |
1392 |
| 245 ## - ცნობა სათაურის შესახებ |
| Title |
ზოგადი ფიზიკის კურსი. ტომი I : მექანიკა და მოლეკულური ფიზიკა : სახელმძღვ. / |
| Statement of responsibility, etc |
გ. კუკულაძე ; ,დ. ღონღაძე ; ნ. შანიძე ; რედ : ა.ბესელია, მ.ბაზაძე. |
| 264 ## - წარმოების, გამოცემის, დისტრიბუციის და სხვა ცნობები |
| გამოცემის, წარმოების, დისტრიბუციის... ადგილი |
თბილისი : |
| გამოცემის, წარმოების, დისტრიბუციის... სახელწოდება |
განათლება, |
| გამოცემის, წარმოების, დისტრიბუციის... თარიღი |
1981. |
| 300 ## - ფიზიკური აღწერა |
| Extent |
355 გვ .: |
| Dimensions |
22 სმ. |
| 653 ## - INDEX TERM--UNCONTROLLED |
| Uncontrolled term |
ზოგადი ფიზიკის კურსი |
| 653 ## - INDEX TERM--UNCONTROLLED |
| Uncontrolled term |
მექანიკა და მოლეკულური ფიზიკა |
| 700 ## - ADDED ENTRY--PERSONAL NAME |
| Personal name |
ღონღაძე, დ |
| 9 (RLIN) |
1353 |
| 700 ## - ADDED ENTRY--PERSONAL NAME |
| Personal name |
შანიძე, ნ |
| 9 (RLIN) |
1393 |
| 700 ## - ADDED ENTRY--PERSONAL NAME |
| Personal name |
ბესელია, ა |
| Relator term |
რედაქტორი |
| 9 (RLIN) |
1376 |
| 700 ## - ADDED ENTRY--PERSONAL NAME |
| Personal name |
ბაზაძე, მ |
| Relator term |
რედაქტორი |
| 9 (RLIN) |
1394 |
| 942 ## - ADDED ENTRY ELEMENTS (KOHA) |
| Koha item type |
წიგნი |
| Source of classification or shelving scheme |
|